| 000 | 01349cam a22003255a 4500 | ||
|---|---|---|---|
| 001 | 11654542 | ||
| 005 | 20201128023949.0 | ||
| 008 | 151113t2016 enka frb 001 0 eng d | ||
| 020 | _a9780128022245 | ||
| 020 | _a9780128024935 (e-book) | ||
| 040 |
_aMiAaPQ _beng _epn _cMiAaPQ _dMiAaPQ _dWaSeSS _dEG-ScBUE |
||
| 082 | 0 | 4 |
_a658.155 _222 _bALL |
| 100 | 1 | _aAllen, Gregory. | |
| 245 | 1 | 0 |
_aThreat assessment and risk analysis : _ban applied approach / _cGregory Allen and Rachel Derr. |
| 260 |
_aOxford ; _aWaltham : _bButterworth-Heinemann / Elsevier, _cc.2016. |
||
| 300 |
_avii, 147 p. : _bill. ; _c28 cm. |
||
| 500 | _aIndex : p. 143-147. | ||
| 504 | _aBibliography : p. 141-142. | ||
| 650 | 7 |
_aRisk management. _2BUEsh _912222 |
|
| 650 | 7 |
_aThreats _xPrevention. _2BUEsh |
|
| 650 | 7 |
_aViolence in the workplace _xPrevention. _2BUEsh |
|
| 650 | 7 |
_aCorporations _xSecurity measures. _2BUEsh |
|
| 650 | 7 |
_aBehavioral assessment. _2BUEsh _9921 |
|
| 651 | _2BUEsh | ||
| 653 |
_bCOMSCI _cOctober2016 |
||
| 700 | 1 | _aDerr, Rachel. | |
| 773 | 0 | _teBook - Forensics, Security, and Criminal Justice 2015 [EBCFOR15] | |
| 776 | 0 | 8 |
_iPrint version: _aAllen, Gregory. _tThreat assessment and risk analysis : an applied approach. _dOxford, England ; Waltham, Massachusetts : Butterworth Heinemann, c2016 _hvii, 147 pages _z9780128022245 _w2015941244 |
| 942 | _2ddc | ||
| 999 |
_c22936 _d22908 |
||